[Event "Olympiad Women-38"]
[Site "Dresden"]
[Date "2008.11.23"]
[Round "10"]
[White "Ptacnikova, Lenka"]
[Black "Malikgulyewa, Aykamar"]
[Result "1/2-1/2"]
[WhiteElo "2237"]
[BlackElo "2051"]
[PlyCount "96"]
[EventDate "2008.11.13"]
[EventType "team-swiss"]
[EventRounds "11"]
[EventCountry "GER"]
[SourceTitle "CBM 128"]
[Source "ChessBase"]
[SourceDate "2009.01.28"]
[SourceVersion "1"]
[SourceVersionDate "2009.01.28"]
[SourceQuality "1"]
[WhiteTeam "Island (W)"]
[BlackTeam "Turkmenistan (W)"]
[WhiteTeamCountry "ISL"]
[BlackTeamCountry "TKM"]

1. e4 c6 2. d4 d5 3. e5 Bf5 4. Nf3 e6 5. Be2 c5 6. 0-0 Nc6 7. c3 a6 8. Nbd2 b5 9. dxc5 Bxc5 10. Nb3 Bb6 11. Nbd4 Nge7 12. Bg5 Qc7 13. Bxe7 Nxe7 14. Nxf5 Nxf5 15. a4 0-0 16. axb5 a5 17. Bd3 Nh6 18. Ra4 f6 19. Qe2 f5 20. Nd4 Qe7 21. f4 g5 22. fxg5 Qxg5 23. Kh1 Rae8 24. Nf3 Qg7 25. h3 f4 26. Nd4 Kh8 27. Rf3 Qg5 28. Bc2 Nf7 29. Qd3 Qh6 30. Rxf4 Nxe5 31. Rxf8+ Rxf8 32. Qe2 Nc4 33. Ra1 e5 34. Nf3 Qf4 35. Re1 Ne3 36. Bb3 Qg3 37. Bxd5 Nxd5 38. Qxe5+ Qxe5 39. Rxe5 Nc7 40. c4 Re8 41. Rf5 Ne6 42. Re5 Kg7 43. g4 h6 44. Nh4 Bc7 45. Re3 Bb6 46. Re5 Bc7 47. Re3 Bb6 48. Re5 Bc7 1/2-1/2

[Event "Olympiad Women-38"]
[Site "Dresden"]
[Date "2008.11.17"]
[Round "5"]
[White "Malikgulyewa, Aykamar"]
[Black "Golubenko, Valentina"]
[Result "0-1"]
[WhiteElo "2051"]
[BlackElo "2273"]
[PlyCount "80"]
[EventDate "2008.11.13"]
[EventType "team-swiss"]
[EventRounds "11"]
[EventCountry "GER"]
[SourceTitle "CBM 128"]
[Source "ChessBase"]
[SourceDate "2009.01.28"]
[SourceVersion "1"]
[SourceVersionDate "2009.01.28"]
[SourceQuality "1"]
[WhiteTeam "Turkmenistan (W)"]
[BlackTeam "Croatia (W)"]
[WhiteTeamCountry "TKM"]
[BlackTeamCountry "CRO"]

1. d4 e6 2. Nf3 c5 3. c3 d5 4. Bf4 Nc6 5. e3 Bd6 6. Bg3 Nf6 7. Bd3 0-0 8. Nbd2 Qe7 9. Ne5 Nd7 10. f4 f6 11. Bxh7+ Kxh7 12. Qh5+ Kg8 13. Ng6 Qe8 14. f5 Bxg3+ 15. hxg3 exf5 16. 0-0-0 Ne7 17. Qh7+ Kf7 18. Nxf8 Nxf8 19. Qh5+ Neg6 20. g4 Qe6 21. gxf5 Qxf5 22. Qxf5 Bxf5 23. Rdf1 Bd3 24. Rf2 Ne7 25. Nf3 Kg8 26. g4 c4 27. g5 Nf5 28. gxf6 gxf6 29. Nh4 Nxh4 30. Rxh4 Kf7 31. Kd2 Nh7 32. Rh5 Be4 33. Rf4 Nf8 34. Rh6 Nd7 35. Rg4 Rc8 36. Rg3 Re8 37. Rh4 Rg8 38. Rhg4 Rh8 39. Rg7+ Ke6 40. Rg1 Rh2+ 0-1

[Event "Olympiad Women-38"]
[Site "Dresden"]
[Date "2008.11.16"]
[Round "4"]
[White "Malikgulyewa, Aykamar"]
[Black "Mezioud, Amina"]
[Result "1/2-1/2"]
[WhiteElo "2051"]
[BlackElo "2028"]
[PlyCount "137"]
[EventDate "2008.11.13"]
[EventType "team-swiss"]
[EventRounds "11"]
[EventCountry "GER"]
[SourceTitle "CBM 128"]
[Source "ChessBase"]
[SourceDate "2009.01.28"]
[SourceVersion "1"]
[SourceVersionDate "2009.01.28"]
[SourceQuality "1"]
[WhiteTeam "Turkmenistan (W)"]
[BlackTeam "Algeria (W)"]
[WhiteTeamCountry "TKM"]
[BlackTeamCountry "ALG"]

1. d4 Nf6 2. Nf3 d6 3. Bg5 Nbd7 4. Nbd2 e5 5. e3 h6 6. Bh4 g5 7. dxe5 dxe5 8. Bg3 e4 9. Nd4 Bg7 10. Nb5 Nd5 11. Nxe4 N7b6 12. c4 a6 13. cxd5 axb5 14. Bxb5+ Bd7 15. Qb3 0-0 16. d6 c6 17. Bd3 Be6 18. Qc2 Na4 19. Nc3 Qa5 20. 0-0 Nxc3 21. bxc3 Bxc3 22. Rab1 b5 23. f4 b4 24. fxg5 hxg5 25. Qe2 f6 26. Bc4 Bxc4 27. Qxc4+ Qd5 28. Qxd5+ cxd5 29. Rfd1 d4 30. exd4 Rxa2 31. Be1 Ra6 32. Bg3 Rd8 33. Rd3 Ra1 34. Rxa1 Bxa1 35. Kf1 Bc3 36. Ke2 Kf7 37. Kd1 Rc8 38. Be1 Bxe1 39. Kxe1 Ke6 40. Rb3 Rc4 41. d5+ Kxd6 42. Rd3 Rc5 43. Rb3 Rb5 44. Ke2 Kxd5 45. Kd3 Rb6 46. h3 Kc5 47. g3 Ra6 48. h4 gxh4 49. gxh4 f5 50. Kc2 Rh6 51. Rh3 Rh5 52. Kb3 f4 53. Rh1 f3 54. Rf1 Rf5 55. h5 Kd4 56. h6 Ke3 57. Re1+ Kf2 58. Rh1 Rf8 59. h7 Rh8 60. Rh6 Ke3 61. Re6+ Kd4 62. Rf6 Ke4 63. Rf7 Rb8 64. Re7+ Kd3 65. Rf7 Ke2 66. Re7+ Kf1 67. Rf7 f2 68. Rg7 Rh8 69. Rf7 1/2-1/2

[Event "WMSG Rapid Team 1st (Women)"]
[Site "Beijing"]
[Date "2008.10.14"]
[Round "2"]
[White "Brunello, Marina"]
[Black "Malikgulyewa, Aykamar"]
[Result "1-0"]
[WhiteElo "2117"]
[BlackElo "2051"]
[PlyCount "71"]
[EventDate "2008.10.14"]
[EventType "team (rapid)"]
[EventRounds "9"]
[EventCountry "CHN"]
[SourceTitle "CBM 126 Extra"]
[Source "ChessBase"]
[SourceDate "2008.11.05"]
[SourceVersion "1"]
[SourceVersionDate "2008.11.05"]
[SourceQuality "1"]

1. e4 d6 2. d4 g6 3. Nc3 Bg7 4. Be3 Nf6 5. h3 Nc6 6. Qd2 e5 7. Nf3 0-0 8. Bd3 Re8 9. 0-0 Nh5 10. dxe5 dxe5 11. Rad1 Be6 12. Bb5 Qf6 13. Bg5 Bh6 14. Bxh6 Nf4 15. Bxf4 exf4 16. Nd5 Qxb2 17. Rb1 Qg7 18. Qxf4 Nd4 19. Nxd4 Qxd4 20. Nf6+ Kf8 21. Bxe8 Ke7 22. Rxb7 Rc8 23. Rxc7+ Rxc7 24. Qxc7+ Kxf6 25. Qf4+ Ke7 26. Bb5 Qb4 27. Bd3 f5 28. Qc7+ Bd7 29. Qe5+ Kf7 30. exf5 gxf5 31. Bxf5 Bb5 32. Re1 a6 33. Bxh7 Qh4 34. Qf5+ Kg7 35. Qg6+ Kf8 36. Qg8# 1-0

[Event "WMSG Blitz Team 1st (Women)"]
[Site "Beijing"]
[Date "2008.10.13"]
[Round "11"]
[White "Andersson, Christin"]
[Black "Malikgulyewa, Aykamar"]
[Result "1-0"]
[WhiteElo "2132"]
[BlackElo "2051"]
[PlyCount "63"]
[EventDate "2008.10.13"]
[EventType "team (blitz)"]
[EventRounds "11"]
[EventCountry "CHN"]
[SourceTitle "CBM 126 Extra"]
[Source "ChessBase"]
[SourceDate "2008.11.05"]
[SourceVersion "1"]
[SourceVersionDate "2008.11.05"]
[SourceQuality "1"]

1. e4 e6 2. d4 d5 3. Bd3 Nf6 4. e5 Nfd7 5. Nf3 c5 6. c3 Nc6 7. 0-0 cxd4 8. cxd4 a6 9. Nc3 b5 10. Be3 Qb6 11. Ng5 h6 12. Qh5 Nd8 13. Nxf7 Nxf7 14. Bg6 Be7 15. Bxf7+ Kd8 16. Qg6 Nf8 17. Qxg7 Rh7 18. Qg8 Kd7 19. Nxd5 exd5 20. Bxd5 Bb7 21. Bxb7 Qxb7 22. d5 Bg5 23. Bxg5 hxg5 24. Qxg5 Re8 25. e6+ Kc8 26. Rac1+ Kb8 27. Qe5+ Ka8 28. Rc6 Ng6 29. Qe4 Nh4 30. Rxa6+ Qxa6 31. Qxh7 Nf3+ 32. gxf3 1-0

[Event "WMSG Blitz Team 1st (Women)"]
[Site "Beijing"]
[Date "2008.10.13"]
[Round "3"]
[White "Malikgulyewa, Aykamar"]
[Black "Fredericia, Louise Winther"]
[Result "1-0"]
[WhiteElo "2051"]
[BlackElo "2095"]
[PlyCount "85"]
[EventDate "2008.10.13"]
[EventType "team (blitz)"]
[EventRounds "11"]
[EventCountry "CHN"]
[SourceTitle "CBM 126 Extra"]
[Source "ChessBase"]
[SourceDate "2008.11.05"]
[SourceVersion "1"]
[SourceVersionDate "2008.11.05"]
[SourceQuality "1"]

1. d4 d5 2. e3 Nf6 3. f4 e6 4. Nf3 c5 5. c3 Nc6 6. Bd3 Ne4 7. Nbd2 f5 8. 0-0 Be7 9. Ne5 Nxe5 10. fxe5 g6 11. Nxe4 dxe4 12. Bc4 Qb6 13. Qb3 Qxb3 14. axb3 b6 15. Bd2 cxd4 16. cxd4 Kd7 17. d5 exd5 18. Bxd5 Rb8 19. Rxa7+ Kd8 20. Bc3 Bc5 21. Re1 Rf8 22. Bc6 f4 23. Rd1+ Bd7 24. Bxd7 Bxe3+ 25. Kh1 f3 26. Bc6+ Kc8 27. Bxe4 f2 28. Bf3 Rd8 29. Bg4+ Rd7 30. Bxd7+ Kd8 31. Bg4+ Ke8 32. Rxh7 Kf8 33. Rh8+ Ke7 34. Rh7+ Kf8 35. Rh8+ Ke7 36. Rxb8 g5 37. Rf1 Bf4 38. Rxf2 Be3 39. Rf1 Bf4 40. g3 Be3 41. Kg2 b5 42. Rb7+ Kd8 43. Rf8# 1-0

[Event "WMSG Blitz Team 1st (Women)"]
[Site "Beijing"]
[Date "2008.10.13"]
[Round "8"]
[White "Schink, Barbara"]
[Black "Malikgulyewa, Aykamar"]
[Result "1-0"]
[WhiteElo "2031"]
[BlackElo "2051"]
[PlyCount "67"]
[EventDate "2008.10.13"]
[EventType "team (blitz)"]
[EventRounds "11"]
[EventCountry "CHN"]
[SourceTitle "CBM 126 Extra"]
[Source "ChessBase"]
[SourceDate "2008.11.05"]
[SourceVersion "1"]
[SourceVersionDate "2008.11.05"]
[SourceQuality "1"]

1. e4 d5 2. exd5 Qxd5 3. Nc3 Qa5 4. d4 Nf6 5. Nf3 Bg4 6. h3 Bh5 7. g4 Bg6 8. Bd2 c6 9. Bc4 Qc7 10. Qe2 e6 11. Ne5 Nbd7 12. Nxg6 hxg6 13. 0-0-0 Bd6 14. d5 0-0-0 15. dxe6 fxe6 16. Qxe6 Rde8 17. Qf7 Ne5 18. Be6+ Kb8 19. Qxc7+ Kxc7 20. Bb3 Nf3 21. Be3 b6 22. Bf7 Re7 23. Bxg6 Ne5 24. Bf5 a5 25. Bf4 b5 26. g5 Nh5 27. Bh2 g6 28. Bg4 Ng7 29. Rhe1 Rd8 30. Ne4 Bb4 31. c3 Bd6 32. Nxd6 Nxg4 33. hxg4 Rxd6 34. Rxe7+ 1-0

[Event "WMSG Blitz Team 1st (Women)"]
[Site "Beijing"]
[Date "2008.10.13"]
[Round "1"]
[White "Yildiz Kadioglu, Betul Cemre"]
[Black "Malikgulyewa, Aykamar"]
[Result "1-0"]
[WhiteElo "2219"]
[BlackElo "2051"]
[PlyCount "47"]
[EventDate "2008.10.13"]
[EventType "team (blitz)"]
[EventRounds "11"]
[EventCountry "CHN"]
[SourceTitle "CBM 126 Extra"]
[Source "ChessBase"]
[SourceDate "2008.11.05"]
[SourceVersion "1"]
[SourceVersionDate "2008.11.05"]
[SourceQuality "1"]

1. e4 c5 2. Nf3 Nc6 3. Bb5 e6 4. 0-0 Nge7 5. Re1 g6 6. c3 Bg7 7. d4 cxd4 8. cxd4 0-0 9. Nc3 a6 10. Bf1 d5 11. e5 b5 12. Be3 Bb7 13. Rc1 Rc8 14. Qd2 Nf5 15. Bg5 Qb6 16. Ne2 h6 17. Be3 Na5 18. b3 b4 19. Rxc8 Rxc8 20. Nc1 Rc3 21. Nd3 Bc6 22. Nc5 Bb5 23. Bxb5 axb5 24. Nd3 1-0

[Event "Asia-ch (Women)"]
[Site "Beirut"]
[Date "2004.12.10"]
[Round "8"]
[White "Navabi, Shirin"]
[Black "Malikgulyewa, Aykamar"]
[Result "0-1"]
[WhiteElo "2107"]
[BlackElo "2119"]
[PlyCount "74"]
[EventDate "2004.12.03"]
[EventType "swiss"]
[EventRounds "9"]
[EventCountry "LBN"]
[SourceTitle "CBM 103 Extra"]
[Source "ChessBase"]
[SourceDate "2005.01.01"]
[SourceVersion "1"]
[SourceVersionDate "2005.01.01"]
[SourceQuality "1"]

1. c4 e5 2. Nc3 Nc6 3. g3 f5 4. d3 Nf6 5. Bg2 Be7 6. e3 0-0 7. Nge2 d6 8. Rb1 a5 9. a3 Qe8 10. b4 axb4 11. axb4 Kh8 12. Qc2 d5 13. c5 Be6 14. f4 e4 15. dxe4 dxe4 16. b5 Na5 17. Na4 Bc4 18. Rb4 Bd3 19. Qd1 Bxb5 20. Nd4 Bd7 21. Nc3 Bxc5 22. Rb1 b6 23. Ncb5 Nd5 24. Bd2 c6 25. Nc3 Bxd4 26. Nxd5 cxd5 27. exd4 Nc4 28. Bb4 Rg8 29. Bf1 Ra2 30. Qb3 Ra8 31. Bxc4 dxc4 32. Qxc4 Bb5 33. Qd5 Bd3 34. Rc1 Qh5 35. Kf2 Rgd8 36. Qe6 Qe2+ 37. Kg1 e3 0-1